Analýza zmeny retenčnej kapacity vodnej nádrže Vrbovce

Guardado en:
Detalles Bibliográficos
Autor principal: Jurči, Milan (Autor)
Otros Autores: Výleta, Roman (Orientador)
Formato: Manuscrito Libro
Lenguaje:eslovaco
Publicado: 2017
Materias:
Acceso en línea:http://is.stuba.sk/zp/portal_zp.pl?podrobnosti=125453
https://opac.crzp.sk/?fn=detailBiblioForm&sid=CBCDB6E5622FB9C0D15F4528BE80
Etiquetas: Agregar Etiqueta
Sin Etiquetas, Sea el primero en etiquetar este registro!

MARC

LEADER 00000ntm a22000003a 4500
001 stuzp63412
003 SK-STU
005 20230811162534.4
007 ta
008 150427s2015----xo-----f-mn---000-0-slo-d
040 |a STU  |b slo 
041 0 |a slo 
100 1 |a Jurči, Milan  |u 010160  |4 aut  |U SvF Stavebná fakulta  |T SvF Katedra vodného hospodárstva krajiny  |X 74301  |U V160  |Y 16  |7 74301 
242 0 1 |a Analysis of change of the retention capacity of the water reservoir Vrbovce  |y eng 
245 1 0 |a Analýza zmeny retenčnej kapacity vodnej nádrže Vrbovce 
260 |c 2017 
650 4 |a vodná erózia  |2 slo 
650 4 |a modelovanie odtoku  |2 slo 
650 4 |a malé vodné nádrže  |2 slo 
650 4 |a zanášanie nádrží  |2 slo 
650 4 |a accumulation of sedimentary materials in the area of reservoirs  |2 eng 
650 4 |a water erosion  |2 eng 
650 4 |a small water reservoirs  |2 eng 
650 4 |a modelling of the drainage  |2 eng 
700 1 |a Výleta, Roman  |u 010160  |k Z1  |4 ths  |U SvF Stavebná fakulta  |T SvF Katedra vodného hospodárstva krajiny  |X 16811  |U V160  |Y 16  |7 A000016811 
856 4 |u http://is.stuba.sk/zp/portal_zp.pl?podrobnosti=125453 
856 4 |u https://opac.crzp.sk/?fn=detailBiblioForm&sid=CBCDB6E5622FB9C0D15F4528BE80